00330nam a2200121Ia 4500008004100000041000800041082001700049100002000066245004500086260003800131300003200169365000700201240624s9999 xx 000 0 und d aeng a658.4038 NAM aNAMBUDIRI M M G aINFORMATION MANAGEMENT FOR DECISION MAKI c1999aNew DelhibAllied Publisher aviii, : 294 : p. : cm. ; 24 cRS